Manual de dibujo arquitectónico /

Guardado en:
Autor Principal: Ching, Frank
Formato: Libro
Publicado: México : Gili, 1986
Edición:2a. ed.
Materias:
Etiquetas: Agregar Etiqueta
Sin Etiquetas, Sea el primero en etiquetar este registro!
LEADER 00536nam a22002055a 4500
001 CEM.cems014691
008 130507s1986##################000#0#####d
005 20210805160654.0
003 CEMS
245 1 0 |a Manual de dibujo arquitectónico /  |c Frank Ching 
250 |a 2a. ed. 
260 |a México :  |b Gili,  |c 1986 
300 |a 184 p. 
590 |a 1307.016 
100 1 |a Ching, Frank 
653 |a Dibujo 
653 |a Dibujo técnico 
653 |a Arquitectura 
653 |a Biblioteca TC 
859 |a CEMS  |b BIB. CEMS - 11 de abril  |h TC  |p 1307.016  |t Ej.1